Справочник по машиностроительному черчению

Bibliografski detalji
Glavni autor: Федоренко В. А. Виктор Алексеевич
Daljnji autori: Шошин А. И. Александр Иванович
Jezik:ruski
Izdano: Ленинград, Машиностроение, 1983
Izdanje:14-е изд., перераб. и доп.
Teme:
Format: Knjiga
KOHA link:https://koha.lib.tpu.ru/cgi-bin/koha/opac-detail.pl?biblionumber=33948

MARC

LEADER 00000nam0a2200000 4500
001 33948
005 20231030221905.0
035 |a (RuTPU)RU\TPU\book\34320 
035 |a BOOK00000971 
090 |a 33948 
100 |a 20011210d1983 k y0rusy50 ca 
101 0 |a rus 
102 |a RU 
105 |a a g 000zy 
200 1 |a Справочник по машиностроительному черчению  |f В. А. Федоренко, А. И. Шошин 
205 |a 14-е изд., перераб. и доп. 
210 |a Ленинград  |c Машиностроение  |d 1983 
215 |a 416 с.  |c ил. 
451 1 |0 (RuTPU)RU\TPU\book\112484  |y 978-5-903034-07-9  |t Справочник по машиностроительному черчению  |f В. А. Федоренко, А. И. Шошин  |e 16-е изд., стер.  |c Москва  |n Альянс  |d 2007  |p 416 с.  |a Федоренко, Виктор Алексеевич 
451 1 |0 (RuTPU)RU\TPU\book\34330  |t Справочник по машиностроительному черчению  |f В. А. Федоренко, А. И. Шошин  |e 14-е изд., перераб. и доп.  |c Ленинград  |n Машиностроение  |d 1982  |p 416 с.  |a Федоренко, Виктор Алексеевич 
610 1 |a прикладная механика 
610 1 |a машиностроительное черчение 
610 1 |a справочники 
675 |a 744:621(035)  |v 3 
700 1 |a Федоренко  |b В. А.  |g Виктор Алексеевич 
701 1 |a Шошин  |b А. И.  |g Александр Иванович 
801 0 |a RU  |b 63413507  |c 20011210  |g PSBO 
801 2 |a RU  |b 63413507  |c 20230216  |g PSBO 
900 |a Прикладная механика 
900 |a Детали машин 
900 |a Основы конструирования 
942 |c BK